International economic review
Na minha lista:
| Formato: | Periódico |
|---|---|
| Idioma: | inglês |
| Publicado em: |
Philadelphia
University of Pennsylvania
1979
|
| Assuntos: | |
| Tags: |
Sem tags, seja o primeiro a adicionar uma tag!
|
MARC
| LEADER | 00000nas2a22000001 4500 | ||
|---|---|---|---|
| 001 | s124494 | ||
| 005 | 20250730114225.9 | ||
| 041 | 0 | |a eng | |
| 044 | |a US | ||
| 245 | 1 | 0 | |a International economic review |
| 264 | 1 | |a Philadelphia |b University of Pennsylvania |c 1979 | |
| 300 | |a 1 zv. | ||
| 773 | 0 | |w eu_un_cat*s120083 | |
| 610 | 2 | 0 | |a ekonómia |
| 610 | 2 | 0 | |a modely ekonomicko-matematické |
| 610 | 2 | 0 | |a výskum ekonomický |